Les modèles les plus vendus en France en 2023 - Statistiques

Statistiques générales
  • Ce quiz a été pris 77 fois
  • Le résultat moyen est 13 sur 25
Statistiques - réponses
Nombre d'immatriculations Marque Modèle % Correct
86 263 Peugeot 208
94%
97 471 Renault Clio
94%
59 603 Citroën C3
91%
30 370 Peugeot 3008
88%
31 973 Fiat 500
88%
69 106 Dacia Sandero
84%
32 625 Dacia Duster
81%
45 564 Peugeot 308
75%
49 344 Peugeot 2008
73%
26 117 Volkswagen Polo
73%
28 835 Toyota Yaris
70%
19 602 Opel Corsa VI
63%
24 539 Tesla Model 3
48%
47 569 Renault Captur
47%
37 127 Tesla Model Y
41%
29 607 Renault Arkana
30%
29 761 Dacia Spring
27%
23 253 Ford Puma
23%
29 894 Renault Austral
19%
21 364 Volkswagen T-roc
19%
24 888 Dacia Jogger
11%
31 073 Toyota Yaris Cross
9%
20 072 MG MG4 EV
8%
20 465 Citroën C3 Aircoss
2%
19 683 Citroën C5 Aircoss
2%
Aucun quiz correspondant
Distribution des résultats
% des personnes avec chaque résultat
Percentile par nombre de réponses
Votre historique - résultats
Vous n’avez pas pris ce quiz